000 00585nam a22002177a 4500
003 UA-OsUOA
001 105537
007 ta
008 20140312b un ||||| |||| 00| 0 ukr d
100 _aДолінговська С.
090 _a81
_bД64
942 _cSA
040 _aUA-OsUOA
_bukr
_cUA-OsUOA
_dUA-OsUOA
245 _aВивчаємо фразеологію
300 _aС.10-14
955 _a0
041 _aukr
080 _a81
773 0 _w105534
650 7 _a8 Мовознавство. Художня література. Літературознавство
_2UDC
999 _c391795
_d391795